000 00458nam a22001577a 4500
003 OSt
005 20251217072834.0
008 251217b |||||||| |||| 00| 0 eng d
020 _a0-06-092979-0
040 _aDWCL-Main lib.
_cOC
082 _aFic. M348o 1998
100 _aMarquez, Gabriel G.
245 _aOne hundred years of solitude/
_cGabriel G. Marquez
260 _aNew York :
_b Harper & Row Publishers,
_cc1998.
942 _2ddc
_cFIC.
_hFic.
_n0
999 _c7184
_d7184